Entrada Personal Name
Número de registros utilizados en: 3
001 - CONTROL NUMBER
- control field: 10796
003 - CONTROL NUMBER IDENTIFIER
- control field: DLC
005 - DATE AND TIME OF LATEST TRANSACTION
- control field: 20211013093040.0
008 - FIXED-LENGTH DATA ELEMENTS
- fixed length control field: 790709n| azannaabn |a aaa
010 ## - LIBRARY OF CONGRESS CONTROL NUMBER
- LC control number: n 79059491
- Canceled/invalid LC control number: n 82207488
- Canceled/invalid LC control number: n 88053632
035 ## - SYSTEM CONTROL NUMBER
- System control number: (OCoLC)oca00292529
035 ## - SYSTEM CONTROL NUMBER
- System control number: (CaEvSKY)skya1373541
040 ## - CATALOGING SOURCE
- Original cataloging agency: DLC
- Language of cataloging: spa
- Description conventions: rda
- Transcribing agency: Mx-PuUPA
- Modifying agency: DLC
- Modifying agency: OCoLC
- Modifying agency: DLC
- Modifying agency: IEN
- Modifying agency: MX-MrUMS
- Modifying agency: Mx-PuUPA
046 ## - SPECIAL CODED DATES
- Birth date: 19150917
- Death date: 20110708
053 #0 - LC CLASSIFICATION NUMBER
- Classification number element--single number or beginning number of span: PQ6669.A6385
100 1# - HEADING--PERSONAL NAME
- Personal name: Sánchez Vázquez, Adolfo,
- Dates associated with a name: 1915-2011
370 ## - ASSOCIATED PLACE
- Place of birth: Algeciras (España)
- Place of death: México D.F.
372 ## - FIELD OF ACTIVITY
- Field of activity: Filosofía
- Field of activity: Profesor
- Source of term: lcsh
373 ## - ASSOCIATED GROUP
- Associated group: Universidad Central (España
- Associated group: Universidad Nacional Autónoma de México
- Source of term: naf
374 ## - OCCUPATION
- Occupation: Autor
- Occupation: Profesores universitarios
- Occupation: Filósofo
- Occupation: Escritor
- Occupation: Profesor hispano mexicano
- Source of term: lcsh
375 ## - GENDER
- Gender: hombre
377 ## - ASSOCIATED LANGUAGE
- Language code: spa
400 1# - SEE FROM TRACING--PERSONAL NAME
- Personal name: Vázquez, Adolfo Sánchez,
- Dates associated with a name: 1915-2011
400 1# - SEE FROM TRACING--PERSONAL NAME
- Personal name: Vàsquez, A. S.
- Fuller form of name: (Adolfo Sánchez)
- Dates associated with a name: 1915-2011
400 1# - SEE FROM TRACING--PERSONAL NAME
- Personal name: Sánchez Vàsquez, Adolfo,
- Dates associated with a name: 1915-2011
670 ## - SOURCE DATA FOUND
- Source citation: Riesame dell'idea di socialismo, 1988:
- Information found: t.p. (A.S. Vàsquez [sic]) p. 7 (Adolfo Sánchez Vàsquez)
670 ## - SOURCE DATA FOUND
- Source citation: Gandler, S. Marxismo crítico en México : Adolfo Sánchez Vázquez ... 2007:
- Information found: p. 50 (b. Sept. 17, 1915, Algeciras [Spain]) p. 81 (still gives postgrad. seminars in philosophy at UNAM)
670 ## - SOURCE DATA FOUND
- Source citation: El país WWW site, July 12, 2011
- Information found: (Adolfo Sánchez Vázquez; b. 1915, Algeciras, Cádiz; d. Friday [July 8, 2011], Mexico City; philosopher; his first texts were verses)
670 ## - SOURCE DATA FOUND
- Source citation: Info. converted from 678, 2012-10-02
- Information found: (b. 1915)
670 ## - SOURCE DATA FOUND
- Source citation: Ética, 2009:
- Information found: title page (Adolfo Sánchez Vázquez) page 2 (nació en Algeciras, España, en 1915. Estudio filosofía en la Universidad Central de Madrid. En la Universidad Nacional Autónoma de México hizo un doctorado en filosofía)
670 ## - SOURCE DATA FOUND
- Source citation: Invitación a la estética, 2007.
670 ## - SOURCE DATA FOUND
- Source citation: Wikipedia, sitio web, 27 marzo 2020:
- Information found: Adolfo Sánchez Vázquez (Algeciras, 17 de septiembre de 1915-México D.F. 8 de julio de 2011, fue un filósofo, escritor y profesor hispano mexicano. Nació en Algeciras (provincia de Cádiz) en 1915, aunque desde niño vivió en Málaga. En su juventud militó en las Juventudes Socialistas Unificadas. Tras estudiar Filosofía en la Universidad de Madrid, emigró a México en 1939 junto a otros intelectuales, científicos y artistas, tras la caída de la Segunda República Española, durante la Guerra Civil. Entre 1941 y 1943 vivió en la ciudad de Morelia. Obtuvo un doctorado en Filosofía por la Universidad Nacional Autónoma de México, donde impartió clases y llegó a ser profesor emérito. Entre 1961 y 1963 vivió una vez más en Morelia y se desempeñó como profesor en la Universidad Michoacana de San Nicolás de Hidalgo, dirigida por Eli de Gortari. Fue presidente de la Asociación Filosófica de México y miembro del Consejo Consultivo de Ciencias de la Presidencia de la República. Adoptó una versión abierta, renovadora, crítica y no dogmática del marxismo. Con respecto a la ética, se opuso al normativismo. Murió el 8 de julio de 2011 en la Ciudad de México) :
- Uniform Resource Identifier: https://bit.ly/39jdNcE